000 00312nam a2200133 i 4500
001 bg
100 1 _aJANKE, Włodzimierz
245 0 _aElementy elektroniczne /
_cWłodzimierz Janke.
260 _aGdańsk,
_c1980.
040 _cBPK
041 _apol
942 _cKS
008 s pl f |000 0 pol
999 _c19110
_d19110
856 _uhttp://koha.tu.koszalin.pl/cgi-bin/koha/opac-detail.pl?biblionumber=19110
_yKatalog online BPK